000
00329nam a2200145Ia 4500
005
20251222152649.0
008
251222s9999||||xx |||||||||||||| ||spa||
020
_a
9789562331005
082
_a
868.5/B71
100
_a
Bojórquez, Mario
245
0
_a
La Espina en la Flor
250
_a
1ra. ed.
264
_b
Lar
942
_c
LIB
999
_c
28385
_d
28385